<?xml version="1.0" encoding="UTF-8"?>
<record
    xmlns:xsi="http://www.w3.org/2001/XMLSchema-instance"
    xsi:schemaLocation="http://www.loc.gov/MARC21/slim http://www.loc.gov/standards/marcxml/schema/MARC21slim.xsd"
    xmlns="http://www.loc.gov/MARC21/slim">

  <leader>01798nam a2200337 a 4500</leader>
  <controlfield tag="001">BRCA_2991</controlfield>
  <controlfield tag="005">20190320204047.0</controlfield>
  <controlfield tag="008">160109s1865----dk-#---###---#000-0#dan-u</controlfield>
  <datafield tag="041" ind1=" " ind2=" ">
    <subfield code="a">dan</subfield>
  </datafield>
  <datafield tag="044" ind1=" " ind2=" ">
    <subfield code="a">dk</subfield>
  </datafield>
  <datafield tag="084" ind1=" " ind2=" ">
    <subfield code="a">314</subfield>
    <subfield code="b">.W63</subfield>
    <subfield code="c">1865</subfield>
  </datafield>
  <datafield tag="100" ind1="1" ind2=" ">
    <subfield code="a">Cervantes Saavedra, Miguel de</subfield>
    <subfield code="d">1547-1616</subfield>
    <subfield code="9">213</subfield>
  </datafield>
  <datafield tag="245" ind1="1" ind2="0">
    <subfield code="a">Den sindriige Adelsmand Don Quixote of la Manchas</subfield>
    <subfield code="c">Levnet og Bedrivter Af Miguel de Cervantes Saavedra.</subfield>
  </datafield>
  <datafield tag="260" ind1=" " ind2=" ">
    <subfield code="a">Kjobenhaun</subfield>
    <subfield code="b">Fr. Woldikes</subfield>
    <subfield code="c">1865</subfield>
  </datafield>
  <datafield tag="300" ind1=" " ind2=" ">
    <subfield code="a">2 v.</subfield>
    <subfield code="b">il.</subfield>
    <subfield code="c">20 cm.</subfield>
  </datafield>
  <datafield tag="500" ind1=" " ind2=" ">
    <subfield code="a">Contiene : v 1. Primera parte. Pr&#xF3;logo del autor. Versos preliminares. Texto. -- v 2. Segunda parte. Pr&#xF3;logo del autor. Texto</subfield>
  </datafield>
  <datafield tag="500" ind1=" " ind2=" ">
    <subfield code="a">Edici&#xF3;n : Oversat af Charlotta Dorothea Biehl. Anden Udgave, reivideret af F. L. Liebenberg. Med Billeder af Professor W. Marstrand</subfield>
  </datafield>
  <datafield tag="500" ind1=" " ind2=" ">
    <subfield code="a">Segunda edici&#xF3;n de la traducci&#xF3;n danesa de Carlotta Dorothea Biehl, revisada por F. L. Liebenberg, e ilustrada con 21 l&#xE1;minas del Prof. W. Marstrand, litografiadas a dos tintas. Est&#xE1; irreprochablemente impresa en caracteres g&#xF3;ticos y en buen papel. Las l&#xE1;minas son malas, tanto por la composici&#xF3;n de las escenas como por la indumentaria de los personajes. Tela; lomos decorados con dorados L&#xFA;dovik Osterc</subfield>
  </datafield>
  <datafield tag="500" ind1=" " ind2=" ">
    <subfield code="a">Con ex-libris de : Escudo</subfield>
  </datafield>
  <datafield tag="500" ind1=" " ind2=" ">
    <subfield code="a">QM594</subfield>
  </datafield>
  <datafield tag="546" ind1=" " ind2=" ">
    <subfield code="a">Texto en : dan&#xE9;s</subfield>
  </datafield>
  <datafield tag="650" ind1="1" ind2="4">
    <subfield code="a">Novela espa&#xF1;ola</subfield>
    <subfield code="y">&#xC9;poca cl&#xE1;sica, 1500-1700</subfield>
    <subfield code="9">215</subfield>
  </datafield>
  <datafield tag="650" ind1="1" ind2="4">
    <subfield code="a">Literatura espa&#xF1;ola</subfield>
    <subfield code="y">&#xC9;poca cl&#xE1;sica, 1500-1700</subfield>
    <subfield code="9">216</subfield>
  </datafield>
  <datafield tag="650" ind1="1" ind2="4">
    <subfield code="a">Novela espa&#xF1;ola</subfield>
    <subfield code="y">Siglo XVII</subfield>
    <subfield code="9">217</subfield>
  </datafield>
  <datafield tag="650" ind1="1" ind2="4">
    <subfield code="a">Don Quijote (Personaje ficticio)</subfield>
    <subfield code="e">Novela</subfield>
    <subfield code="9">218</subfield>
  </datafield>
  <datafield tag="700" ind1="1" ind2=" ">
    <subfield code="a">Biehl, Charlotta Dorothea</subfield>
    <subfield code="d">1731-1788</subfield>
    <subfield code="e">Traductor</subfield>
    <subfield code="9">8278</subfield>
  </datafield>
  <datafield tag="700" ind1="1" ind2=" ">
    <subfield code="a">Marstrand, Wilhelm</subfield>
    <subfield code="d">1810-1873</subfield>
    <subfield code="e">Ilustrador</subfield>
    <subfield code="9">8279</subfield>
  </datafield>
  <datafield tag="740" ind1="0" ind2=" ">
    <subfield code="a">El Ingenioso Hidalgo Don Quijote de la Mancha</subfield>
  </datafield>
  <datafield tag="902" ind1=" " ind2=" ">
    <subfield code="a">QFM</subfield>
  </datafield>
  <datafield tag="942" ind1=" " ind2=" ">
    <subfield code="2">lcc</subfield>
    <subfield code="c">B</subfield>
  </datafield>
  <datafield tag="999" ind1=" " ind2=" ">
    <subfield code="c">2730</subfield>
    <subfield code="d">2730</subfield>
  </datafield>
  <datafield tag="952" ind1=" " ind2=" ">
    <subfield code="0">0</subfield>
    <subfield code="1">0</subfield>
    <subfield code="4">0</subfield>
    <subfield code="7">0</subfield>
    <subfield code="a">BRCA</subfield>
    <subfield code="b">BRCA</subfield>
    <subfield code="d">2009-01-16</subfield>
    <subfield code="i">QM594</subfield>
    <subfield code="l">0</subfield>
    <subfield code="o">314 .W63 1865 (QM594)</subfield>
    <subfield code="p">2988</subfield>
    <subfield code="r">2019-03-22 00:00:00</subfield>
    <subfield code="w">2019-03-22</subfield>
    <subfield code="y">B</subfield>
  </datafield>
</record>
